000 00446nam a2200157 i 4500
001 23812
003 ES-MaACL
005 20230906152935.0
007 t|
008 021212s1944 ag ||||1| spa d
100 1 _aAndía, Ernesto Daniel.
_921482
245 1 0 _aClínica psiquiátrica /
_cErnesto Daniel Andía.
260 _aBuenos Aires :
_b[s.n.],
_c1944 (
_fAniceto López)
300 _a584 p. :
_bil. ;
_c24 cm.
852 _aES-MaACL
_jE-1097
999 _c23812
_d23812